000 00632nam a2200265Ia 4500
005 20260121171325.0
008 008 260114s9999 xx 000 0 eng d
020 _a9783030252861
037 _aEBOOK
040 _aCRL
040 _beng
040 _cCRL
041 _2eng
041 _aeng
084 _qCRL
100 _aGianluca Passarelli
_91074825
245 0 _aPreferential Voting Systems
260 _bSpringer
260 _bSpringer
260 _c2020
856 _uhttps://link.springer.com/openurl?genre=book&isbn=978-3-030-25286-1
942 _cEBOOK
999 _c1640555
_d1640555